000 00787nam a2200241 a 4500
001 BRCA_28
005 20190320202842.0
008 870506s1987 enka---##b---#001-0#eng-#
020 _a0750608811
040 _aDLC
_cDLC
_dDLC
050 4 _aTP156.C5
_b.H67 1987
100 1 _aHorie, Charles Velson
_9132
245 1 0 _aMaterials for Conservation
_bOrganic Consolidants, Adhesives, and Coatings
_cC.V. Horie.
260 _aBoston
_bButterworths
_c1987
300 _axi, 281 p.
_bil.
_c22 cm.
440 0 _aButterworths Series in Conservation and Museology
_9133
500 _aIncluye índice de temas y de autores
504 _aBibliografía: p. 229-252
650 1 4 _aRevestimientos
_9134
650 1 4 _aAdhesivos
_9135
650 1 4 _aArte
_xConservación y restauración
_9136
942 _2lcc
_cB
999 _c28
_d28